[Event "AUT-chT2O 1718"]
[Site "Austria"]
[Date "2018.04.07"]
[Round "10.6"]
[White "Beck, Hartmuth"]
[Black "Certek, Pavel"]
[Result "1/2-1/2"]
[WhiteElo "2321"]
[BlackElo "2257"]
[PlyCount "41"]
[EventDate "2017.10.21"]
[EventType "team-tourn"]
[EventRounds "11"]
[EventCountry "AUT"]
[SourceTitle "EXT 2019"]
[Source "ChessBase"]
[SourceDate "2018.10.10"]
[SourceVersion "1"]
[SourceVersionDate "2018.10.10"]
[SourceQuality "1"]
[WhiteTeam "Ottakring II"]
[BlackTeam "Mattersburg"]
[WhiteTeamCountry "AUT"]
[BlackTeamCountry "AUT"]

1. d4 Nf6 2. c4 e6 3. Nc3 d5 4. cxd5 Nxd5 5. Nf3 c5 6. Nxd5 Qxd5 7. a3 Nc6 8. Be3 cxd4 9. Nxd4 Nxd4 10. Qxd4 Qxd4 11. Bxd4 f6 12. e4 e5 13. Bb5+ Bd7 14. Bxd7+ Kxd7 15. Be3 Ke6 16. Ke2 Be7 17. Rhd1 Rhd8 18. Rdc1 Rdc8 19. Rd1 Rd8 20. Rdc1 Rdc8 21. Rd1 1/2-1/2

[Event "AUT-chT 1516"]
[Site "Austria"]
[Date "2015.11.07"]
[Round "3.6"]
[White "Anistratov, Dmitrij"]
[Black "Beck, Hartmuth"]
[Result "0-1"]
[WhiteElo "2287"]
[BlackElo "2360"]
[PlyCount "138"]
[EventDate "2015.11.05"]
[EventType "team-tourn"]
[EventRounds "11"]
[EventCountry "AUT"]
[SourceTitle "CBM 169 Extra"]
[Source "ChessBase"]
[SourceDate "2015.12.18"]
[SourceVersion "1"]
[SourceVersionDate "2015.12.18"]
[SourceQuality "1"]
[WhiteTeam "Goetzis"]
[BlackTeam "Ottakring"]
[WhiteTeamCountry "AUT"]
[BlackTeamCountry "AUT"]

1. Nf3 Nf6 2. g3 b5 3. Bg2 Bb7 4. 0-0 e6 5. d4 Be7 6. a4 b4 7. c4 bxc3 8. bxc3 0-0 9. Qb3 Qc8 10. Ba3 d6 11. Nbd2 Nbd7 12. Rab1 Rb8 13. Qc2 c5 14. e3 Qc7 15. Rfc1 Rfc8 16. c4 h6 17. dxc5 Nxc5 18. Bxc5 Qxc5 19. Nd4 Bxg2 20. Rxb8 Rxb8 21. Kxg2 Rb4 22. Rb1 a6 23. Rxb4 Qxb4 24. Kg1 Qc5 25. N2b3 Qc7 26. h4 Nd7 27. Nd2 Ne5 28. Qb3 Bf8 29. N4f3 Nd7 30. Nd4 Nc5 31. Qa2 Qa5 32. N2b3 Qxa4 33. Qxa4 Nxa4 34. Nc6 Nb6 35. Nb8 Nxc4 36. Nxa6 d5 37. Nc7 h5 38. Kf1 Bd6 39. Nb5 Be5 40. Ke2 g6 41. Kf3 Bb2 42. Nc5 Kg7 43. Ke2 Bf6 44. Nd7 Be7 45. Kd3 Nb2+ 46. Kc2 Na4 47. Kd3 Bb4 48. Nd4 Nc5+ 49. Nxc5 Bxc5 50. Ne2 Kf6 51. Nc3 Bb4 52. Na2 Ba5 53. Nc1 Kf5 54. Ke2 Bb4 55. Nd3 Bd6 56. Kf3 e5 57. Nc1 Bb4 58. Ke2 f6 59. Nd3 Bd6 60. Ne1 g5 61. Kf3 gxh4 62. gxh4 e4+ 63. Kg2 Kg4 64. f3+ Kxh4 65. Nc2 Bc5 66. Kf2 f5 67. Ne1 Kh3 68. Ng2 Bd6 69. f4 Bb4 0-1

[Event "AUT-chT 1516"]
[Site "Austria"]
[Date "2015.11.05"]
[Round "1.5"]
[White "Beck, Hartmuth"]
[Black "Hellmayr, Alois"]
[Result "1/2-1/2"]
[WhiteElo "2360"]
[BlackElo "2254"]
[PlyCount "83"]
[EventDate "2015.11.05"]
[EventType "team-tourn"]
[EventRounds "11"]
[EventCountry "AUT"]
[SourceTitle "CBM 169 Extra"]
[Source "ChessBase"]
[SourceDate "2015.12.18"]
[SourceVersion "1"]
[SourceVersionDate "2015.12.18"]
[SourceQuality "1"]
[WhiteTeam "Ottakring"]
[BlackTeam "Sauwald"]
[WhiteTeamCountry "AUT"]
[BlackTeamCountry "AUT"]

1. d4 Nf6 2. c4 e6 3. Nc3 Bb4 4. Qc2 c5 5. dxc5 Bxc5 6. Nf3 Nc6 7. g3 Qb6 8. e3 d5 9. cxd5 exd5 10. a3 Be7 11. Bg2 Qa6 12. Bf1 Qb6 13. Bg2 Qa6 14. Bf1 Qb6 15. Na4 Qd8 16. Bg2 Bg4 17. 0-0 0-0 18. b4 Rc8 19. Qa2 Ne4 20. Bb2 b5 21. Nc5 Bxc5 22. bxc5 Nxc5 23. Nd4 Nxd4 24. Bxd4 Ne6 25. Bxa7 Qa5 26. Bd4 Nxd4 27. exd4 Rc4 28. Bxd5 Rxd4 29. Rfe1 Bh5 30. Re5 Rd2 31. Qb3 Qa7 32. Rxh5 Qxf2+ 33. Kh1 g6 34. Rh4 Re8 35. Bxf7+ Qxf7 36. Qxf7+ Kxf7 37. Rxh7+ Kf6 38. Rf1+ Kg5 39. Rb1 Re5 40. Rb7 Ree2 41. Rh7 Re5 42. Rb7 1/2-1/2

[Event "Titled Tuesday intern op 3rd March"]
[Site "Chess.com INT"]
[Date "2015.03.03"]
[Round "3"]
[White "Bernotas, Arturs"]
[Black "Beck, Hartmuth"]
[Result "1-0"]
[WhiteElo "2272"]
[BlackElo "2298"]
[PlyCount "71"]
[EventDate "2015.03.03"]
[EventType "swiss (blitz)"]
[EventRounds "9"]
[EventCountry "USA"]
[SourceTitle "EXT 2021"]
[Source "ChessBase"]
[SourceDate "2020.10.23"]
[SourceVersion "1"]
[SourceVersionDate "2020.10.23"]
[SourceQuality "1"]

1. e4 a6 2. d4 b5 3. Nf3 Bb7 4. Bd3 Nf6 5. e5 Nd5 6. c3 e6 7. 0-0 c5 8. dxc5 Bxc5 9. Nbd2 Nc6 10. Ne4 Be7 11. Bg5 0-0 12. Bxe7 Qxe7 13. Nd6 Rab8 14. Qe2 Ba8 15. Qe4 f5 16. exf6 Nxf6 17. Qf4 e5 18. Qd2 e4 19. Nf5 Qc5 20. Qg5 Qxf5 21. Qxf5 exd3 22. Qxd3 d5 23. Rfe1 Rbd8 24. Nd4 Nxd4 25. Qxd4 Ne4 26. f3 Nd6 27. Re5 Nf5 28. Qd3 g6 29. Rae1 d4 30. cxd4 Rxd4 31. Qb3+ Kg7 32. Rxf5 Rxf5 33. Qc3 Rfd5 34. Rd1 b4 35. Qxd4+ Rxd4 36. Rxd4 1-0

[Event "Titled Tuesday intern op 24th Febr"]
[Site "Chess.com INT"]
[Date "2015.02.24"]
[Round "2"]
[White "Beck, Hartmuth"]
[Black "Perrine, Dalton"]
[Result "0-1"]
[WhiteElo "2298"]
[BlackElo "2308"]
[PlyCount "70"]
[EventDate "2015.02.24"]
[EventType "swiss (blitz)"]
[EventRounds "9"]
[EventCountry "USA"]
[SourceTitle "EXT 2021"]
[Source "ChessBase"]
[SourceDate "2020.10.23"]
[SourceVersion "1"]
[SourceVersionDate "2020.10.23"]
[SourceQuality "1"]

1. d4 Nf6 2. c4 c5 3. d5 b5 4. a4 bxc4 5. Nc3 d6 6. e4 Ba6 7. f4 g6 8. Nf3 Bg7 9. e5 dxe5 10. fxe5 Ng4 11. Bf4 0-0 12. h3 Nh6 13. g4 f5 14. g5 Nf7 15. Qd2 Qb6 16. Bg2 e6 17. dxe6 Qxe6 18. 0-0 Nc6 19. Rfe1 Rfd8 20. Qf2 Bf8 21. Nb5 Bxb5 22. axb5 Nb4 23. Reb1 Nd3 24. Qe3 Rab8 25. Ra6 Rb6 26. Rxa7 Rxb5 27. Nd2 c3 28. bxc3 Rxb1+ 29. Nxb1 Nxf4 30. Qxf4 c4 31. Ra4 Qb6+ 32. Kh2 Qxb1 33. e6 Bd6 34. exf7+ Kf8 35. Qxd6+ Rxd6 0-1

[Event "AUT-chT2O 1415"]
[Site "Austria"]
[Date "2015.01.24"]
[Round "6.4"]
[White "Vitouch, Anatol"]
[Black "Beck, Hartmuth"]
[Result "1-0"]
[WhiteElo "2314"]
[BlackElo "2362"]
[PlyCount "57"]
[EventDate "2014.10.18"]
[EventType "team-tourn"]
[EventRounds "11"]
[EventCountry "AUT"]
[SourceTitle "EXT 2016"]
[Source "ChessBase"]
[SourceDate "2015.10.08"]
[SourceVersion "1"]
[SourceVersionDate "2015.10.08"]
[SourceQuality "1"]
[WhiteTeam "Pamhagen"]
[BlackTeam "Hietzing/Ottakring"]
[WhiteTeamCountry "AUT"]
[BlackTeamCountry "AUT"]

1. g3 c5 2. c4 g6 3. Bg2 Bg7 4. Nc3 Nc6 5. Nf3 Nf6 6. d4 cxd4 7. Nxd4 0-0 8. 0-0 Ng4 9. e3 d6 10. Nde2 Rb8 11. b3 Qa5 12. Bd2 Qc5 13. h3 Nge5 14. Na4 Qa3 15. Nec3 Nxc4 16. bxc4 Bf5 17. Qb3 Qb4 18. Qxb4 Nxb4 19. e4 Be6 20. Rab1 Nxa2 21. Nd5 Bxd5 22. exd5 Rfc8 23. c5 dxc5 24. Bf4 Nc3 25. Nxc3 Bxc3 26. Bxb8 Rxb8 27. d6 b6 28. dxe7 Re8 29. Rfe1 1-0

[Event "Titled Tuesday intern op 30th Dec"]
[Site "Chess.com INT"]
[Date "2014.12.30"]
[Round "3"]
[White "Beck, Hartmuth"]
[Black "Cordon Gutierrez, Juan Pedro"]
[Result "1/2-1/2"]
[WhiteElo "2298"]
[BlackElo "2191"]
[PlyCount "158"]
[EventDate "2014.12.30"]
[EventType "swiss (blitz)"]
[EventRounds "9"]
[EventCountry "USA"]
[SourceTitle "EXT 2021"]
[Source "ChessBase"]
[SourceDate "2020.10.23"]
[SourceVersion "1"]
[SourceVersionDate "2020.10.23"]
[SourceQuality "1"]

1. d4 d5 2. c4 Bf5 3. cxd5 Bxb1 4. Qa4+ Qd7 5. Qxd7+ Nxd7 6. Rxb1 Ngf6 7. f3 Nxd5 8. e4 Nb4 9. Bf4 Nc2+ 10. Kf2 e5 11. dxe5 Bc5+ 12. Kg3 g5 13. Bd2 Ne3 14. Bb5 c6 15. Ba4 Nxe5 16. Bc3 f6 17. Ne2 h5 18. h3 h4+ 19. Kh2 0-0-0 20. Rhc1 Bb6 21. b4 Kb8 22. b5 c5 23. Bb3 Rd3 24. a4 Rhd8 25. a5 Bc7 26. Kh1 b6 27. axb6 axb6 28. Bxe5 Bxe5 29. Be6 Rd2 30. Nc3 Nxg2 31. Nd5 Nf4 32. Nxf4 Bxf4 33. Bd5 Kc7 34. Rd1 Rf2 35. Ra1 Rd2 36. Ra7+ Kd6 37. Rxd2 Bxd2 38. Rf7 Ke5 39. Rb7 Rd6 40. Kg2 Kf4 41. Rc7 Bc3 42. Rc6 Be5 43. Rxd6 Bxd6 44. Kf2 Be5 45. Bc4 Bd4+ 46. Ke2 Kg3 47. Be6 Be5 48. Bg4 Kf4 49. Kd3 Kg3 50. Ke2 Kg2 51. Kd3 Kf2 52. Kc4 Ke3 53. Bh5 Bd4 54. Bg4 Kf4 55. Bh5 f5 56. exf5 Kxf5 57. Bg4+ Kf4 58. Kd3 Ke5 59. Kc4 Be3 60. Bc8 Bc1 61. Bg4 Kf4 62. Bh5 Ke3 63. Bg4 Kf2 64. Bh5 Kg3 65. Bg4 Bf4 66. Kd5 Bc1 67. Kc4 Bf4 68. Kd5 Kf2 69. Kc4 Ke3 70. Bh5 Kd2 71. Bg4 Kc2 72. Bh5 Kb2 73. Bg4 Ka3 74. Bh5 Ka4 75. Bg4 Ka5 76. Bh5 Ka4 77. Bg4 Ka3 78. Bh5 Kb2 79. Bg4 Ka3 1/2-1/2

[Event "Titled Tuesday intern op 30th Dec"]
[Site "Chess.com INT"]
[Date "2014.12.30"]
[Round "2"]
[White "Beck, Hartmuth"]
[Black "Raptis, Nick"]
[Result "0-1"]
[WhiteElo "2298"]
[BlackElo "2309"]
[PlyCount "130"]
[EventDate "2014.12.30"]
[EventType "swiss (blitz)"]
[EventRounds "9"]
[EventCountry "USA"]
[SourceTitle "EXT 2021"]
[Source "ChessBase"]
[SourceDate "2020.10.23"]
[SourceVersion "1"]
[SourceVersionDate "2020.10.23"]
[SourceQuality "1"]

1. d4 Nf6 2. c4 g6 3. Nc3 Bg7 4. e4 d6 5. f4 0-0 6. Nf3 c5 7. d5 e6 8. Be2 exd5 9. exd5 Bf5 10. 0-0 Re8 11. Bd3 Ne4 12. Nxe4 Bxe4 13. f5 Nd7 14. Ng5 Bxd3 15. Qxd3 Nf6 16. fxg6 hxg6 17. Qh3 Qc8 18. Qxc8 Raxc8 19. Bf4 Ne4 20. Nxe4 Rxe4 21. Bxd6 Rxc4 22. b3 Bd4+ 23. Kh1 Rc2 24. Rac1 Rxa2 25. Be7 Rc7 26. d6 Rd7 27. h3 Rb2 28. Rf3 f5 29. g4 Kf7 30. gxf5 gxf5 31. Rxf5+ Ke6 32. Rf3 Kd5 33. Rd1 b5 34. h4 Re2 35. h5 Rexe7 36. dxe7 Rxe7 37. h6 Rh7 38. Rh3 a5 39. Rh5+ Ke4 40. Kg2 a4 41. bxa4 bxa4 42. Re1+ Kd3 43. Re6 Kc4 44. Ra6 Kb5 45. Ra8 Be3 46. Kf3 Rxh6 47. Rxh6 Bxh6 48. Ke4 Bc1 49. Kd3 a3 50. Kc3 Bb2+ 51. Kb3 c4+ 52. Ka2 Kb4 53. Rc8 Kc3 54. Rd8 Kc2 55. Rd7 c3 56. Rd6 Kc1 57. Rd5 c2 58. Rd7 Bc3 59. Rd8 Bd2 60. Rh8 Kd1 61. Rh1+ Be1 62. Rh2 c1Q 63. Rd2+ Qxd2+ 64. Kb3 a2 65. Kc4 a1Q 0-1

[Event "AUT-chT2O 1415"]
[Site "Austria"]
[Date "2014.12.06"]
[Round "5.2"]
[White "Ganaus, Hannes"]
[Black "Beck, Hartmuth"]
[Result "1/2-1/2"]
[WhiteElo "2322"]
[BlackElo "2362"]
[PlyCount "37"]
[EventDate "2014.10.18"]
[EventType "team-tourn"]
[EventRounds "11"]
[EventCountry "AUT"]
[SourceTitle "EXT 2016"]
[Source "ChessBase"]
[SourceDate "2015.10.08"]
[SourceVersion "1"]
[SourceVersionDate "2015.10.08"]
[SourceQuality "1"]
[WhiteTeam "Poechlarn"]
[BlackTeam "Hietzing/Ottakring"]
[WhiteTeamCountry "AUT"]
[BlackTeamCountry "AUT"]

1. d4 f5 2. c4 Nf6 3. Nc3 d6 4. Bg5 e6 5. e4 Be7 6. Bxf6 Bxf6 7. Nf3 0-0 8. Qc2 Nc6 9. 0-0-0 e5 10. dxe5 Nxe5 11. Nd4 Nc6 12. Nxf5 Bxf5 13. exf5 Bxc3 14. Qxc3 Rxf5 15. f3 Qf6 16. Qxf6 gxf6 17. Rd5 Re5 18. Rxe5 fxe5 19. Bd3 1/2-1/2

[Event "AUT-chT2O 1314"]
[Site "Austria"]
[Date "2014.02.23"]
[Round "9.2"]
[White "Michalik, Peter"]
[Black "Beck, Hartmuth"]
[Result "1/2-1/2"]
[WhiteElo "2584"]
[BlackElo "2313"]
[PlyCount "63"]
[EventDate "2013.10.05"]
[EventType "team-tourn"]
[EventRounds "11"]
[EventCountry "AUT"]
[SourceTitle "EXT 2015"]
[Source "ChessBase"]
[SourceDate "2014.11.20"]
[SourceVersion "1"]
[SourceVersionDate "2014.11.20"]
[SourceQuality "1"]
[WhiteTeam "Pamhagen"]
[BlackTeam "Hietzing/Ottakring"]
[WhiteTeamCountry "AUT"]
[BlackTeamCountry "AUT"]

1. Nf3 c5 2. g3 g6 3. Bg2 Bg7 4. 0-0 Nc6 5. e4 Nf6 6. Re1 d6 7. h3 e5 8. c3 0-0 9. d4 cxd4 10. cxd4 exd4 11. Nxd4 Nxd4 12. Qxd4 Be6 13. Nc3 Nd5 14. Qd3 Nxc3 15. bxc3 Qc8 16. Bb2 Bxh3 17. Qxd6 Bxg2 18. Kxg2 Rd8 19. Qf4 Qe6 20. e5 Rac8 21. Re4 b5 22. a4 Rd5 23. Qe3 Rxe5 24. Rxe5 Bxe5 25. axb5 Rb8 26. Rxa7 Qd5+ 27. Kh2 Qxb5 28. Ba1 Qb6 29. Qxb6 Rxb6 30. c4 Bxa1 31. Rxa1 Rb2 32. Kg2 1/2-1/2

[Event "AUT-chT2O 1314"]
[Site "Austria"]
[Date "2013.12.07"]
[Round "5.1"]
[White "Bernasek, Jan"]
[Black "Beck, Hartmuth"]
[Result "1-0"]
[WhiteElo "2539"]
[BlackElo "2313"]
[PlyCount "65"]
[EventDate "2013.10.05"]
[EventType "team-tourn"]
[EventRounds "11"]
[EventCountry "AUT"]
[SourceTitle "EXT 2015"]
[Source "ChessBase"]
[SourceDate "2014.11.20"]
[SourceVersion "1"]
[SourceVersionDate "2014.11.20"]
[SourceQuality "1"]
[WhiteTeam "Zwettl"]
[BlackTeam "Hietzing/Ottakring"]
[WhiteTeamCountry "AUT"]
[BlackTeamCountry "AUT"]

1. d4 d5 2. c4 dxc4 3. Nf3 a6 4. a4 Nc6 5. e3 Na5 6. Nbd2 e6 7. Nxc4 Nxc4 8. Bxc4 Bb4+ 9. Bd2 Qe7 10. 0-0 Nf6 11. Bxb4 Qxb4 12. Qc2 0-0 13. Bd3 Bd7 14. Ne5 Rfd8 15. Rfc1 Rac8 16. Ra3 Qa5 17. Qb3 b6 18. Qc2 c5 19. Nxd7 Rxd7 20. Qc4 Rdc7 21. Qxa6 Qxa6 22. Bxa6 cxd4 23. Rxc7 Rxc7 24. exd4 Rc1+ 25. Bf1 Kf8 26. g3 Ne4 27. Kg2 Rd1 28. Bd3 Nf6 29. b4 Nd5 30. a5 Nxb4 31. a6 Nc6 32. Rc3 Na7 33. Bf1 1-0

[Event "Semriach op 12th"]
[Site "Semriach"]
[Date "2013.04.29"]
[Round "3"]
[White "Higatsberger, Michael"]
[Black "Beck, Hartmuth"]
[Result "1-0"]
[WhiteElo "2173"]
[BlackElo "2322"]
[PlyCount "117"]
[EventDate "2013.04.27"]
[EventType "swiss"]
[EventRounds "5"]
[EventCountry "AUT"]
[SourceTitle "CBM 154 Extra"]
[Source "ChessBase"]
[SourceDate "2013.06.25"]
[SourceVersion "2"]
[SourceVersionDate "2013.06.25"]
[SourceQuality "1"]

1. e4 d5 2. exd5 Qxd5 3. Nc3 Qd6 4. d4 Nf6 5. Nf3 a6 6. g3 Bg4 7. Bg2 c6 8. 0-0 e6 9. Bf4 Qb4 10. Qd2 Bxf3 11. Bxf3 Nbd7 12. a3 Qb6 13. Rfe1 Be7 14. Re3 Qd8 15. Ne2 Nd5 16. Rd3 b5 17. b3 N7b6 18. Qc1 0-0 19. c4 Nxf4 20. Nxf4 Rc8 21. a4 Bg5 22. c5 Nd7 23. axb5 axb5 24. b4 Qf6 25. h4 Bh6 26. Ra7 Rfd8 27. Qe3 e5 28. dxe5 Nxe5 29. Rxd8+ Rxd8 30. Be4 Nc4 31. Nh5 Qe6 32. Qd3 Re8 33. Bxh7+ Kh8 34. Bf5 Qe1+ 35. Kg2 Be3 36. Qf1 Qxb4 37. Rxf7 Qxc5 38. Qd3 Nd6 39. Nxg7 Nxf7 40. Nxe8 Bd4 41. Qf3 Qe5 42. Qh5+ Kg8 43. Qg6+ Kf8 44. Be6 Nd8 45. Qg8+ Ke7 46. Bg4 Qd5+ 47. Qxd5 cxd5 48. Nc7 Bg7 49. Nxb5 Nf7 50. f4 Nd6 51. Nxd6 Kxd6 52. Kf3 Bc3 53. Bf5 Be1 54. h5 Ke7 55. g4 Kf6 56. Bd3 Kg7 57. g5 d4 58. Ke4 Bd2 59. Kf5 1-0

[Event "Semriach op 12th"]
[Site "Semriach"]
[Date "2013.04.28"]
[Round "2"]
[White "Beck, Hartmuth"]
[Black "Uksini, Bardhyl"]
[Result "1/2-1/2"]
[WhiteElo "2322"]
[BlackElo "1938"]
[PlyCount "123"]
[EventDate "2013.04.27"]
[EventType "swiss"]
[EventRounds "5"]
[EventCountry "AUT"]
[SourceTitle "CBM 154 Extra"]
[Source "ChessBase"]
[SourceDate "2013.06.25"]
[SourceVersion "2"]
[SourceVersionDate "2013.06.25"]
[SourceQuality "1"]

1. c4 Nf6 2. Nc3 c5 3. g3 Nc6 4. Bg2 g6 5. e4 Bg7 6. Nge2 0-0 7. 0-0 d6 8. h3 Ne8 9. d3 Nc7 10. Rb1 Rb8 11. Be3 b5 12. cxb5 Nxb5 13. Nxb5 Rxb5 14. d4 cxd4 15. Nxd4 Nxd4 16. Bxd4 Bxd4 17. Qxd4 Qb6 18. Qxb6 Rxb6 19. Rfc1 Be6 20. b3 Rfb8 21. Rc7 R8b7 22. Rbc1 Rxc7 23. Rxc7 Ra6 24. Rc2 Ra5 25. f4 f5 26. h4 Kf7 27. Kf2 fxe4 28. Bxe4 Bf5 29. Ke3 Ke6 30. Kd4 Bxe4 31. Kxe4 h5 32. a4 Rc5 33. Re2 a5 34. Kd4+ Kf6 35. Rb2 Rc1 36. b4 axb4 37. Rxb4 Ra1 38. Kc3 Ra3+ 39. Kb2 Rxg3 40. a5 Rg2+ 41. Kb3 Rg1 42. a6 Ra1 43. Ra4 Rb1+ 44. Kc4 Rb8 45. a7 Ra8 46. Kb5 Kf5 47. Kb6 e5 48. fxe5 dxe5 49. Kb7 Rxa7+ 50. Kxa7 e4 51. Kb6 e3 52. Kc5 e2 53. Ra1 g5 54. hxg5 Kxg5 55. Kd4 Kf4 56. Kd3 Kf3 57. Kd2 h4 58. Rh1 Kf2 59. Rh2+ Kg3 60. Rxe2 h3 61. Re3+ Kg2 62. Rxh3 1/2-1/2

[Event "AUT-chT2O 1213"]
[Site "Austria"]
[Date "2012.10.06"]
[Round "1.3"]
[White "Beck, Hartmuth"]
[Black "Vitouch, Anatol"]
[Result "1-0"]
[WhiteElo "2295"]
[BlackElo "2338"]
[PlyCount "97"]
[EventDate "2012.10.06"]
[EventType "team-tourn"]
[EventRounds "11"]
[EventCountry "AUT"]
[SourceTitle "EXT 2013"]
[Source "ChessBase"]
[SourceDate "2012.11.22"]
[SourceVersion "1"]
[SourceVersionDate "2012.11.22"]
[SourceQuality "1"]
[WhiteTeam "Wien Ottakring"]
[BlackTeam "Pamhagen"]
[WhiteTeamCountry "AUT"]
[BlackTeamCountry "AUT"]

1. b4 d5 2. Bb2 Bg4 3. h3 Bh5 4. g4 Bg6 5. Bg2 c6 6. d3 e6 7. Nd2 h5 8. Ngf3 hxg4 9. Ne5 gxh3 10. Rxh3 Rxh3 11. Bxh3 Bh5 12. a3 a5 13. c4 Qh4 14. Bg2 Qg5 15. Kf1 axb4 16. Ndf3 Qd8 17. cxd5 exd5 18. axb4 Rxa1 19. Qxa1 f6 20. Qa7 Qc8 21. Qd4 Bxf3 22. Nxf3 Bd6 23. Qh4 Nd7 24. Bh3 Nh6 25. Bxf6 gxf6 26. Qxh6 Kd8 27. Nd4 Kc7 28. Ne6+ Kb6 29. Qe3+ Ka6 30. Nc5+ Bxc5 31. bxc5 Qh8 32. d4 Ka7 33. Qa3+ Kb8 34. Qg3+ Kc8 35. Qg4 Qh7 36. Kg2 Kd8 37. Kg3 f5 38. Qg5+ Kc7 39. Qxf5 Qxf5 40. Bxf5 Nb8 41. Kf4 b5 42. cxb6+ Kxb6 43. Ke5 Na6 44. Kd6 Nc7 45. Bd3 Nb5+ 46. Bxb5 cxb5 47. Kxd5 Ka5 48. Kc5 b4 49. d5 1-0

[Event "AUT-chT2O 1112"]
[Site "Austria"]
[Date "2012.03.03"]
[Round "6.5"]
[White "Kleiser, Gregor"]
[Black "Beck, Hartmuth"]
[Result "1-0"]
[WhiteElo "2263"]
[BlackElo "2305"]
[PlyCount "61"]
[EventDate "2011.10.15"]
[EventType "team-tourn"]
[EventRounds "11"]
[EventCountry "AUT"]
[SourceTitle "EXT 2013"]
[Source "ChessBase"]
[SourceDate "2012.11.22"]
[SourceVersion "1"]
[SourceVersionDate "2012.11.22"]
[SourceQuality "1"]
[WhiteTeam "Tschaturanga"]
[BlackTeam "Wien Ottakring"]
[WhiteTeamCountry "AUT"]
[BlackTeamCountry "AUT"]

1. e4 d5 2. exd5 Qxd5 3. Nc3 Qd6 4. d4 Nf6 5. Nf3 Bf5 6. g3 c6 7. Bg2 e6 8. 0-0 Be7 9. Bf4 Qb4 10. Nh4 Bg4 11. Qd2 Nd5 12. a3 Qa5 13. Bxb8 Nxc3 14. bxc3 g5 15. Rab1 Rxb8 16. Bxc6+ Kf8 17. Bxb7 Kg7 18. Ng2 Bh3 19. Bf3 g4 20. Rxb8 Bg5 21. Nf4 gxf3 22. Rxh8 Bxf1 23. Rxh7+ Kxh7 24. Kxf1 Bxf4 25. gxf4 Qh5 26. Qe3 Kg8 27. Ke1 Qxh2 28. Qxf3 Qg1+ 29. Kd2 Qf1 30. f5 Qa6 31. f6 1-0

[Event "Steyr Landesliga 1112"]
[Site "Austria"]
[Date "2011.11.12"]
[Round "5.2"]
[White "Beck, Hartmuth"]
[Black "Pilaj, Herwig"]
[Result "0-1"]
[WhiteElo "2305"]
[BlackElo "2362"]
[PlyCount "74"]
[EventDate "2011.09.24"]
[EventType "team-tourn"]
[EventRounds "11"]
[EventCountry "AUT"]
[SourceTitle "EXT 2013"]
[Source "ChessBase"]
[SourceDate "2012.11.22"]
[SourceVersion "1"]
[SourceVersionDate "2012.11.22"]
[SourceQuality "1"]
[WhiteTeam "Pinggau Friedberg"]
[BlackTeam "Feldbach Kirchberg"]
[WhiteTeamCountry "AUT"]
[BlackTeamCountry "AUT"]

1. d4 Nf6 2. c4 c5 3. d5 e5 4. dxe6 fxe6 5. g3 Nc6 6. Bg2 Be7 7. Nc3 0-0 8. Nh3 b6 9. Nf4 Bb7 10. 0-0 Qb8 11. b3 Nd4 12. e3 Bxg2 13. Kxg2 Qb7+ 14. f3 Nc6 15. h4 a6 16. Bb2 b5 17. Qe2 Rab8 18. Rac1 Bd6 19. Ba1 Ne7 20. Qd3 Nf5 21. Nce2 Ng4 22. e4 bxc4 23. bxc4 Nge3+ 24. Kh3 Nxf1 25. exf5 Nxg3 26. Kxg3 Qc7 27. f6 gxf6 28. Rg1 Kh8 29. Qe4 Be5 30. Kf2 Bxa1 31. Rxa1 f5 32. Qe3 Qd8 33. Ng6+ Kg7 34. Nxf8 Qxh4+ 35. Kg2 Kxf8 36. Qxc5+ Kf7 37. Rh1 Rg8+ 0-1

[Event "Vienna-ch"]
[Site "Vienna"]
[Date "2004.10.31"]
[Round "7"]
[White "Steiner, Bruno"]
[Black "Beck, Hartmuth"]
[Result "1-0"]
[WhiteElo "2284"]
[BlackElo "2303"]
[PlyCount "73"]
[EventDate "2004.??.??"]
[EventType "swiss"]
[EventRounds "7"]
[EventCountry "AUT"]
[SourceTitle "EXT 2005"]
[Source "ChessBase"]
[SourceDate "2004.11.15"]
[SourceVersion "1"]
[SourceVersionDate "2004.11.15"]
[SourceQuality "1"]

1. e4 a6 2. d4 b5 3. Nf3 Bb7 4. Bd3 Nf6 5. Nbd2 e6 6. c3 c5 7. 0-0 Nc6 8. Re1 cxd4 9. cxd4 Rc8 10. a3 Na5 11. e5 Nd5 12. Ne4 Be7 13. Bg5 f6 14. exf6 gxf6 15. Bh6 Qc7 16. Ne5 fxe5 17. Qh5+ Kd8 18. Ng5 Qb6 19. Nf7+ Kc7 20. Nxh8 Rxh8 21. Qxe5+ Qd6 22. Qxh8 Bf6 23. Bg7 Bxg7 24. Qxg7 Nf4 25. Bxh7 Nxg2 26. Qe5 Nxe1 27. Rxe1 Nc4 28. Qxd6+ Kxd6 29. Be4 Bc8 30. Re2 Ke7 31. f4 Kf6 32. Kf2 d5 33. Bd3 Nd6 34. Rc2 Bd7 35. Ke3 Be8 36. Rc7 Bg6 37. Rc6 1-0

[Event "Vienna-ch"]
[Site "Vienna"]
[Date "2004.10.30"]
[Round "6"]
[White "Lenz, Alarich"]
[Black "Beck, Hartmuth"]
[Result "1/2-1/2"]
[WhiteElo "2186"]
[BlackElo "2303"]
[PlyCount "42"]
[EventDate "2004.??.??"]
[EventType "swiss"]
[EventRounds "7"]
[EventCountry "AUT"]
[SourceTitle "EXT 2005"]
[Source "ChessBase"]
[SourceDate "2004.11.15"]
[SourceVersion "1"]
[SourceVersionDate "2004.11.15"]
[SourceQuality "1"]

1. e4 c5 2. Nf3 e6 3. c4 a6 4. Nc3 Nc6 5. d4 cxd4 6. Nxd4 Bb4 7. Nxc6 dxc6 8. Qxd8+ Kxd8 9. Be3 e5 10. 0-0-0+ Ke7 11. Na4 Nf6 12. f3 Be6 13. a3 Bd6 14. c5 Bc7 15. Kc2 Rhd8 16. Be2 Rxd1 17. Rxd1 Rd8 18. Rxd8 Bxd8 19. b3 Nd7 20. Nb2 g6 21. Nc4 Bc7 1/2-1/2

[Event "Vienna-ch"]
[Site "Vienna"]
[Date "2004.10.29"]
[Round "5"]
[White "Beck, Hartmuth"]
[Black "Seuss, Oswald"]
[Result "1/2-1/2"]
[WhiteElo "2303"]
[BlackElo "2025"]
[PlyCount "80"]
[EventDate "2004.??.??"]
[EventType "swiss"]
[EventRounds "7"]
[EventCountry "AUT"]
[SourceTitle "EXT 2005"]
[Source "ChessBase"]
[SourceDate "2004.11.15"]
[SourceVersion "1"]
[SourceVersionDate "2004.11.15"]
[SourceQuality "1"]

1. b4 a5 2. b5 e5 3. Bb2 d6 4. e3 Nf6 5. Nf3 Be7 6. c4 Bg4 7. Be2 0-0 8. d4 Bxf3 9. Bxf3 e4 10. Be2 c6 11. Nc3 d5 12. Qb3 Qd6 13. a4 Qe6 14. Rc1 Nbd7 15. 0-0 Rfb8 16. Rc2 Nb6 17. bxc6 bxc6 18. cxd5 Nbxd5 19. Qa2 Qd7 20. Nxd5 Nxd5 21. Rcc1 Rb6 22. Bc3 Bb4 23. Ba1 Rab8 24. Qc4 h6 25. Rb1 Kh7 26. Rb3 f5 27. Rfb1 Qa7 28. Qc2 Qe7 29. Bb2 Qb7 30. Bc1 Qa7 31. g3 g6 32. Bf1 Kg7 33. Bg2 Qe7 34. h3 h5 35. Bb2 Re8 36. Qd1 Qd6 37. Rc1 Re7 38. Rc4 Reb7 39. Qc2 Qe6 40. Bf1 Kh7 1/2-1/2

[Event "AUT-ch"]
[Site "Hartberg"]
[Date "2004.08.01"]
[Round "9"]
[White "Beck, Hartmuth"]
[Black "Wittmann, Walter"]
[Result "1/2-1/2"]
[WhiteElo "2279"]
[BlackElo "2337"]
[PlyCount "37"]
[EventDate "2004.07.24"]
[EventType "swiss"]
[EventRounds "9"]
[EventCountry "AUT"]
[SourceTitle "CBM 101 Extra"]
[Source "ChessBase"]
[SourceDate "2004.09.01"]
[SourceVersion "2"]
[SourceVersionDate "2004.09.01"]
[SourceQuality "1"]

1. d4 Nf6 2. c4 g6 3. Nc3 Bg7 4. e4 d6 5. f4 0-0 6. Nf3 c5 7. d5 e6 8. Be2 exd5 9. cxd5 Bg4 10. 0-0 Nbd7 11. Re1 Ne8 12. h3 Bxf3 13. Bxf3 Rb8 14. a4 a6 15. Re2 Nc7 16. Qe1 Re8 17. Kh1 b5 18. axb5 axb5 19. Nd1 1/2-1/2